000 00598nam a2200121Ia 4500
008 220615s9999||||xx |||||||||||||| ||und||
100 _aMondry, Henrietta
245 0 _aExemplary Bodies
_bConstructing the Jew in Russian Culture, 1880s to 2008
546 _aEnglish[eng]
650 _aLiterature||Literary criticism||Russian studies||Jewish studies||Film studies
856 _uhttps://library.oapen.org/bitstream/20.500.12657/23666/1/1006477.pdf||https://library.oapen.org/bitstream/20.500.12657/23666/1/1006477.pdf||https://library.oapen.org/bitstream/20.500.12657/23666/1/1006477.pdf
942 _cEB
999 _c15549
_d15549